More haste, less speed (Record no. 81753)

MARC details
000 -LEADER
fixed length control field 01085cab a22002055a 4500
001 - CONTROL NUMBER
control field L148204
008 - FIXED-LENGTH DATA ELEMENTS--GENERAL INFORMATION
fixed length control field 090819e20090801xxkao g 000 0 eng d
035 ## - SYSTEM CONTROL NUMBER
System control number (Sirsi) u148204
041 0# - LANGUAGE CODE
Language code of text/sound track or separate title eng
100 1# - MAIN ENTRY--PERSONAL NAME
Personal name Pfleger, Heidi
245 00 - TITLE STATEMENT
Title More haste, less speed
260 ## - PUBLICATION, DISTRIBUTION, ETC.
Date of publication, distribution, etc. 2009
490 ## - SERIES STATEMENT
Series statement Estates Gazette
Volume/sequential designation (0930) 1 August 2009, 62-63 (2)
520 ## - SUMMARY, ETC.
Summary, etc. Discusses the need for any business tenant renewing a tenancy under the Landlord and Tenant Act 1954 to properly determine the identity of the competent landlord and carefully remember deadlines. Recommends that practitioners review the statutory regime and ensure that the information in a notice is correct. Warns that mistakes can detrimentally affect the rights of landlords and tenants and may lead to an action in negligence. Article aimed at students.
650 24 - SUBJECT ADDED ENTRY--TOPICAL TERM
Topical term or geographic name entry element LANDLORD AND TENANT ACT 1954
650 24 - SUBJECT ADDED ENTRY--TOPICAL TERM
Topical term or geographic name entry element LANDLORD AND TENANT ACT 1927
651 #4 - SUBJECT ADDED ENTRY--GEOGRAPHIC NAME
Geographic name England and Wales
Chronological subdivision 1543-
690 ## - LOCAL SUBJECT ADDED ENTRY--TOPICAL TERM (OCLC, RLIN)
Topical term or geographic name as entry element PROPERTY-COMMERCIAL PROPERTY-LEASEHOLD COMMERCIAL PROPERTY-COMMERCIAL LANDLORD AND TENANT-BUSINESS TENANCIES
942 ## - ADDED ENTRY ELEMENTS (KOHA)
Suppress in OPAC 0
Holdings
Withdrawn status Lost status Source of classification or shelving scheme Damaged status Not for loan Home library Current library Shelving location Date acquired Total Checkouts Full call number Barcode Date last seen Copy number Price effective from Koha item type
    Dewey Decimal Classification     London London Journal article 19/08/2009   L148204 148204-1001 06/08/2019 1 06/08/2019 Journal article